000
00317nam a2200121Ia 4500
005
20251222144842.0
008
251222s9999||||xx |||||||||||||| ||spa||
082
_a
278.61/A64S
100
_a
Aparicio Quispe, Severo
245
0
_a
Siervo de Dios P. Francisco Salamanca
264
_b
Convento de la Merced
942
_c
LIB
999
_c
21262
_d
21262